000 00624nam a2200229Ia 4500
003 OSt
005 20220928120921.0
006 a|||||r|||| 00| 0
007 ta
008 220927b |||||||| |||| 00| 0 eng d
024 _a130874
037 _cTextual
040 _aSDCL
_cSDCL
_beng
041 _2eng
_aeng
082 _aR3xM06x, K9
100 _aMill John Stuart
_9393110
245 0 _aEssays on ethics,religion and society.
260 _aCanada
_bUniversity Of Tornto Press
_c1969
300 _axii,578p.
_ccm.
942 _hR3xM06x, K9
_cTEXL
_2CC
999 _c765435
_d765435